000 00718nam a2200181Ia 4500
008 100921s9999 xx 000 0 und d
082 _b31092
_a891.463 थ 99
100 _aगार्डनर अर्ल स्टॅनले,अनु, भावे अपर्णा.
245 _aखुळखुळणारी हाडे.
260 _bगुजर ए.एल.
_c1999
300 _a216
_bशांती पब्लिकेशन,पुणे
365 _b190
520 _aललित-कादंबरी.
630 _aखुळखुळणारी हाडे.
650 _aललित-कादंबरी.
730 _aखुळखुळणारी हाडे.
942 _cBOOK
999 _c780205
_d780202